000 00433nam a2200181Ia 4500
001 9660
005 20260306161734.0
008 260306t2013||||xx |||||||||||||| ||spa||
041 _aESP
082 _a388.1
_bM29
100 _aMauleón Torres, Mikel
_eAUT
245 0 _aTransporte, operadores, redes
260 _c2013
300 _axxiii, 544 páginas :
_c24 cm.
650 _aGEN
654 _aCAN
942 _cLIB
_dJUS
_fJUS
_2ddc
_n
999 _c9660
_d9660